To develop a computer program for cooling load calculations (Record no. 551177)
[ view plain ]
| 000 -LEADER | |
|---|---|
| fixed length control field | 00421nam a22001457a 4500 |
| 082 ## - DEWEY DECIMAL CLASSIFICATION NUMBER | |
| Classification number | P-329 |
| Author Mark | P-329 |
| 100 ## - MAIN ENTRY--PERSONAL NAME | |
| Personal name | Hasnain Raza, Syndicate No 4 |
| 9 (RLIN) | 48157 |
| 245 ## - TITLE STATEMENT | |
| Title | To develop a computer program for cooling load calculations |
| Statement of responsibility, etc. | Hasnain Raza, Bilal Hayat |
| 260 ## - PUBLICATION, DISTRIBUTION, ETC. | |
| Date of publication, distribution, etc. | 2007 |
| 300 ## - PHYSICAL DESCRIPTION | |
| Extent | Various Pages |
| 526 ## - STUDY PROGRAM INFORMATION NOTE | |
| Program name | 0 |
| Interest level | 0 |
| Reading level | 0 |
| Title point value | P_329_P329 |
| 650 ## - SUBJECT ADDED ENTRY--TOPICAL TERM | |
| Topical term or geographic name entry element | Project |
| 700 ## - ADDED ENTRY--PERSONAL NAME | |
| Personal name | Lecturer Hafeez Ahmed |
| 9 (RLIN) | 48158 |
| 942 ## - ADDED ENTRY ELEMENTS (KOHA) | |
| Source of classification or shelving scheme | |
| Koha item type | Book |
| Withdrawn status | Lost status | Source of classification or shelving scheme | Damaged status | Not for loan | Permanent Location | Current Location | Date acquired | Total Checkouts | Full call number | Barcode | Date last seen | Price effective from | Koha item type | Public note |
|---|---|---|---|---|---|---|---|---|---|---|---|---|---|---|
| Military College of Engineering (MCE) | Military College of Engineering (MCE) | 12/04/2014 | P-329 P-329 | MCE-P-329 | 12/04/2014 | 12/04/2014 | Book | Project |
